000 00259nam a22001097a 4500
008 170110b xxu||||| |||| 00| 0 eng d
020 _a9780827364851
041 _aeng
080 _a618.2
245 _aCOMMUNITY HEALTH NURSING
_cHITCHCOCK, J.E
942 _2udc
_cBK
999 _c2666
_d2666